01228nam a2200217 a 450000100100000000500170001000800410002704000250006808200150009310000380010824500930014626000400023930000350027950000790031450400300039350501660042358600360058995201910062595201770081699900170099300004640120240226130804.0150807s2005 dr ac 000 0 spa d aDO-SdBNPbspacBNPHU axxxxbxxxx1 aVicioso, Sherezada,d1948-91950413aEl teatro dominicano :buna visión femenina o de género /cChiqui Sherezada Vicioso. aSanto Domingo :bDe Colores,c2005. a95 p. :bil., retrs. ;c21 cm. aIncluye datos biográficos de la autora en la solapa de la contracubierta aBibliografía : p. 25-260 aEl teatro dominicano /rSherezada Vicioso --tLo eterno /rDelia Weber --tTrago amargo (Wish-ky sour) /rSherezada Vicioso --tDominicanish /rJosefina Baéez. aPremio Nacional de Ensayo, 2003 0010718PDaPDbPDcHDd2015-08-07iLF1l0oxxxx xxxxp46401-10r2020-06-25w2020-06-25yLFPDzPerteneció a la biblioteca personal de Chiqui Vicioso / Fidelio Despradel.ZNo se presta 0010718PDaPDbPDcHDd2017-02-16iLF1l0oxxxx xxxxp46401-20r2020-06-25te. 2w2020-06-25yLFPDzPerteneció a la biblioteca personal de Chiqui Vicioso.ZNo se presta c45890d45890